00346nam a2200121Ia 4500008004100000041000800041082001400049100001900063245004500082260005400127300003200181365001100213240624s9999 xx 000 0 und d aeng a658.4 WEB aWEBSTER MARTIN aDIRECTOR S HANDBOOK YOUR DUTIES RESPONSI c2006aNew DelhibKogan Page India Private limited axiii, : 192 : p. : cm. ; 23 cRSb33